| 000 | 01037cam a2200313 a 4500 | ||
|---|---|---|---|
| 001 | 2553863 | ||
| 003 | OSt | ||
| 005 | 20230623083648.0 | ||
| 008 | 941014s1994 nz b f001 0 eng d | ||
| 010 | _a 94219431 | ||
| 020 | _a1869561104 | ||
| 035 | _a(OCoLC)32222827 | ||
| 040 |
_aCLU _cCLU _dDLC _ecore |
||
| 042 | _alccopycat | ||
| 043 | _au-nz--- | ||
| 082 | 0 | 0 |
_a328.9 _bGEE |
| 100 | 1 | _aMcGee, David G. | |
| 245 | 1 | 0 |
_aParliamentary practice in New Zealand / _cby David McGee. |
| 250 | _a2nd ed. | ||
| 260 |
_aWellington : _bGP Publications, _c1994. |
||
| 300 |
_axliv, 606 p. ; _c24 cm. |
||
| 504 | _aIncludes bibliographical references and index. | ||
| 610 | 1 | 0 |
_aNew Zealand. _bParliament. _bHouse of Representatives _xRules and practice. |
| 650 | 0 |
_aParliamentary practice _zNew Zealand. |
|
| 906 |
_a7 _bcbc _ccopycat _d2 _encip _f19 _gy-gencatlg |
||
| 942 |
_2ddc _cBK |
||
| 999 |
_c2387 _d2387 |
||